Don't lose your crown. (Record no. 3754)

000 -LEADER
fixed length control field 00533nam a2200181 a 4500
001 - CONTROL NUMBER
control field :::00001489$&:&@@
003 - CONTROL NUMBER IDENTIFIER
control field OkBaRHE
005 - DATE AND TIME OF LATEST TRANSACTION
control field 20000607103244.0
008 - FIXED-LENGTH DATA ELEMENTS--GENERAL INFORMATION
fixed length control field s1985 j 000 0 eng u
040 ## - CATALOGING SOURCE
Transcribing agency
100 1# - MAIN ENTRY--PERSONAL NAME
Personal name Wiersbe, Warren W.
245 10 - TITLE STATEMENT
Title Don't lose your crown.
260 ## - PUBLICATION, DISTRIBUTION, ETC. (IMPRINT)
Place of publication, distribution, etc Lincoln, NE., :
Name of publisher, distributor, etc Back to the Bible
Date of publication, distribution, etc c1985
300 ## - PHYSICAL DESCRIPTION
Extent 108 p. ;
Dimensions 17 cm.
650 ## - SUBJECT ADDED ENTRY--TOPICAL TERM
Topical term or geographic name as entry element Saul, King of Israel
942 ## - ADDED ENTRY ELEMENTS (KOHA)
Source of classification or shelving scheme
Koha item type Books
Copies
Lost status Full call number Koha item type Permanent Location Source of classification or shelving scheme Shelving location Date acquired Not for loan Withdrawn status Price effective from Current Location Damaged status Barcode Copy number Date last seen
 BS 580 .S3 W54BooksRHEMA Bible Training College General Stacks2010-04-14  2010-04-14RHEMA Bible Training College 148912018-03-12